Hayvanlar Aleminden Masallar - 3 Minik Serçe'nin Başarısı (Record no. 1286762)
[ view plain ]
| 000 -LEADER | |
|---|---|
| sabit uzunluktaki kontrol alanı | 00318nam a2200109Ia 4500 |
| 001 - KONTROL NUMARASI | |
| kontrol alanı | 1286762 |
| 005 - EN SON İŞLEMİN TARİH VE ZAMANI | |
| kontrol alanı | 20260417164403.0 |
| 008 - SABİT-UZUNLUKTA VERİ ÖĞELERİ--GENEL BİLGİ | |
| sabit uzunluktaki kontrol alanı | 260417s9999 xx 000 0 und d |
| 020 ## - ULUSLARARASI STANDART KİTAP NUMARASI | |
| Uluslararası Standart Kitap Numarası | 9786258317879 |
| 245 #0 - ESER / YAZAR | |
| ESER ADI | Hayvanlar Aleminden Masallar - 3 Minik Serçe'nin Başarısı |
| Yazar Adı | Yasemin Katı |
| 260 ## - YAYIN, DAĞITIM, VB. | |
| YAYIN EVİ | Beyan Yayınları |
| Düşüm durumu | Kayıp durumu | Hasar Durumu | Ödünç verilmez | Ana kütüphane | Geçerli Kütüphane | Edinilen tarih | Toplam ödünç verme sayısı | Barkod | Son görüntüleme tarihi | Fiyatın geçerli olmaya başladığı tarih | Koha materyal türü |
|---|---|---|---|---|---|---|---|---|---|---|---|
| ŞERİFE AKKANAT İLKOKULU | ŞERİFE AKKANAT İLKOKULU | 17.04.2026 | 1105349 | 17.04.2026 | 17.04.2026 | Books |